NBA Year in Review: 2018–19 - Statistics

General Stats
  • This quiz has been taken 118 times
  • The average score is 8 of 14
Answer Stats
Hint Answer % Correct
Finals MVP Kawhi Leonard
98%
Most Valuable Player Giannis Antetokounmpo
89%
Assists Per Game Leader Russell Westbrook
82%
Triple-Doubles Leader Russell Westbrook
82%
Points Per Game Leader James Harden
81%
Defensive Player of the Year Rudy Gobert
74%
All-Star Game MVP Kevin Durant
72%
Rookie of the Year Luka Dončić
68%
Sixth Man of the Year Lou Williams
42%
Rebounds Per Game Leader Andre Drummond
39%
Steals Per Game Leader Paul George
35%
Most Improved Player Pascal Siakam
27%
Blocks Per Game Leader Myles Turner
24%
Coach of the Year Mike Budenholzer
20%
No matching quizzes found
Score Distribution
Percent of People with Each Score
Percentile by Number Answered
Your Score History
You have not taken this quiz